000 00592nam a2200157 i 4500
001 102492
003 ES-MaACL
005 20230906183123.0
007 t|
008 051111s1918 xxk ||||1| spa d
100 1 _aMercier, Désiré-Joseph
_cCardinal.
_980462
245 1 0 _aConfiscación de las campanas y de los órganos de las iglesias de la parte ocupada de Bélgica /
_ccarta del Cardenal Désiré-Joseph Mercier, Arzobispo de Malinas.
260 _aLondres :
_b[s.n.],
_c1918.
650 0 4 _aGuerra mundial, 1914-1918-
_xDestrucciones y saqueos.
_913218
852 _aES-MaACL
_j1579-F-14
999 _c102492
_d102492